000 00728nam a2200253Ia 4500
003 OSt
005 20221007112654.0
006 a|||||r|||| 00| 0
007 ta
008 221006b |||||||| |||| 00| 0 hin d
024 _a29,145
037 _cTextual
040 _aLCO
_cLCO
_bhin
041 _2hin
_ahin
082 _aZ2,75,15, 152 Q2
100 _aChaturvedi Murlidhar
_9472947
245 0 _aCode of Criminal Procedure
250 _a23st
260 _aAllahabad
_bAllahabad Law Agency Publications India
_c2012
300 _a736
650 _aThe Code of Criminal Procedure
_9708730
942 _hZ2,75,15, 152 Q2
_cTEXL
999 _c1198708
_d1198708